Statistics for Movies of 2018

Click here to take the quiz!

General Stats

  • This quiz has been taken 10 times
  • The average score is 8 of 35

Answer Stats

StarMovie% Correct
Jason MomoaAquaman
63%
Rami MalekBohemian Rhapsody
63%
Robert Downey Jr.Avengers: Infinity War
50%
Chadwich BosemanBlack Panther
50%
Lady GagaA Star Is Born
38%
Ryan ReynoldsDeadpool 2
38%
Chris PrattJurassic World: Fallen Kingdom
38%
Paul RuddAnt-Man and The Wasp
25%
John KrasinskiA Quiet Place
25%
Michael B. JordanCreed II
25%
Eddie RedmayneFantastic Beasts: The Crimes of Grindelwald
25%
Dakota JohnsonFifty Shades Freed
25%
Meryl StreepMamma Mia! Here We Go Again
25%
Tom CruiseMission Impossible: Fallout
25%
Dwayne JohnsonRampage
25%
Alden EhrenreichSolo: A Star Wars Story
25%
Craig T. NelsonThe Incredibles 2
25%
Jason StathamThe Meg
25%
Alicia VikanderTomb Raider
25%
Tom HardyVenom
25%
Hailee SteinfieldBumblebee
13%
Ewan McGregorCristopher Robin
13%
Rowan AtkinsonJohnny English Strikes Again
13%
Emily BluntMary Poppins Returns
13%
Dylan O'BrienMaze Runner: The Death Cure
13%
Sandra BullockOcean's Eight
13%
John BoyegaPacific Rim: Uprising
13%
James CordenPeter Rabbit
13%
John C. ReillyRalph Breaks the Internet
13%
Tye SheridanReady Player One
13%
Taissa FarmigaThe Nun
13%
Nick CastleHalloween
0%
Adam SandlerHotel Transylvania 3: Summer Vacation
0%
Shameik MooreSpider-Man: Into the Spider-Verse
0%
Benedict CumberbatchThe Grinch
0%

Score Distribution

Percentile by Number Answered

Percent of People with Each Score

Your Score History

You have not taken this quiz